|
|
แสดงรายละเอียดบรรณานุกรม |
|
|
Brief Record
: Get Marc (ISO 2709)
: E-mail record
: |
|
|
|
| LEADER 00000nama 2200000uu 4500 | |||
| 001 194517 | |||
| 003 ULIBM | |||
| 008 040531s|||| th m m a000 0 tha d | |||
| 020 ^a974-291-152-5 | |||
| 041 tha | |||
| 050 WY152 ก492 2549 ล.2 | |||
| 100 คณาจารย์สถาบันพระบรมราชชนก. | |||
| 245 การพยาบาลผู้ใหญ่และผู้สูงอายุ เล่ม 2. | |||
| 250 พิมพ์ครั้งที่ 7. | |||
| 260 โครงการสวัวดิการวิชาการ สถาบันพระบรมราชชนนก. นนทบุรี. 2549. | |||
| 300 604 หน้า. | |||
| 600 สถาบันพระบรมราชชนก,โคงการสวัสดิการวิชาการ. | |||
| 650 1.ผู้สูงอายุ--การพยาบาล. | |||
| 995 001 | |||
| 999 ^aใช้งานได้ทุกระบบ | |||
| คุณยังไม่ได้ล็อกอิน คุณสามารถมีกิจกรรมร่วมกับเว็บไซต์ได้ แต่ต้องล็อกอินก่อน :: |
|
| สถานะ | |||||||||
| 1. | หนังสือทั่วไป | WY152 ก492 2549 ล.2 | On Shelf ขอยืม | ||||||
| 2. | หนังสือทั่วไป | WY152 ก492 2549 ล.2 | On Shelf ขอยืม | ||||||
| 3. | หนังสือทั่วไป | WY152 ก492 2549 ล.2 | On Shelf ขอยืม | ||||||
| [แสดง 3/3 รายการ] | |||||||||
| รายการใกล้เคียง ผู้แต่ง [คณาจารย์สถาบันพระบรมราชชนก.]
|
BibComment |
| คอมเมนท์ทรัพยากรรายการนี้ |
|
|